25 racconti del terrore vietati alla TV

Guardat en:
Dades bibliogràfiques
Autor principal: Hitchcock, Alfred
Format: Llibre
Idioma:anglès
Etiquetes: Afegir etiqueta
Sense etiquetes, Sigues el primer a etiquetar aquest registre!

MARC

LEADER 00000nam a2200000 4500
001 CDOM0000001962
003 mi
005 20250913210310.0
008 250913b |||||||| |||| 00| 0 eng d
040 |c mi 
100 |a Hitchcock, Alfred 
245 1 |a 25 racconti del terrore vietati alla TV 
942 |2 ddc  |c BK 
952 |0 0  |1 0  |2 ddc  |4 0  |7 1  |9 5711  |a MI  |b MI  |d 1989-03-02  |i 1584  |l 0  |p CDOM1584  |r 2025-07-13 16:28:00  |w 2025-07-13  |x ACQUISTO  |y BK 
999 |c 4553  |d 4553